UEFA Champions League Winning Teams Logos - Sudden Death - Statistics

General Stats
  • This quiz has been taken 272 times
    96 since last reset
  • The average score is 13 of 23
Answers on the Grid
Answers color-coded by a green-red scale on the quiz's grid according to % correct below.
 
Answer Stats
Answer % Correct
76%
76%
72%
72%
68%
64%
64%
60%
60%
60%
56%
52%
52%
52%
52%
48%
48%
48%
48%
36%
36%
32%
24%
No matching quizzes found
Score Distribution
Percent of People with Each Score
Percentile by Number Answered
Your Score History
You have not taken this quiz since the last reset